| 000 | 00492nam a2200181 a 4500 | ||
|---|---|---|---|
| 001 | 3623 | ||
| 003 | CDMR | ||
| 005 | 20131105163903.0 | ||
| 008 | 130130s2003||||||||||||||||||||||||||||d | ||
| 020 | _a8497415256 | ||
| 040 |
_aCDMR _bcat _cCDMR |
||
| 100 | 1 |
_aBatllori, Toni _92584 |
|
| 245 | 1 | 0 |
_aToni _b: los mejores dibujos publicados en La Vanguardia 2003 |
| 260 |
_aBarcelona _c2003 _bEl Jueves Ediciones |
||
| 300 |
_a111 p. _bil. b/n |
||
| 650 | 0 | 4 |
_93084 _aHumorisme grà fic |
| 942 |
_cMON _2udc |
||
| 999 |
_c3623 _d3623 |
||